Statistics for Monaco 2020's Starting XI

Click here to take the quiz!

General Stats

  • This quiz has been taken 825 times
    (412 since last reset)
  • The average score is 13 of 23

Answer Stats

Player% Correct
Aleksandr Golovin
92%
Wissam Ben Yedder
87%
Kevin Volland
81%
Alexander Nübel
80%
Breel Embolo
80%
Kamil Glik
77%
Axel Disasi
63%
Guillermo Maripán
62%
Youssouf Fofana
59%
Caio Henrique
57%
Islam Slimani
55%
Benoît Badiashile
53%
Cesc Fàbregas
51%
Benjamin Lecomte
49%
Aurélien Tchouaméni
47%
Vanderson
47%
Mohamed Camara
46%
Gelson Martins
43%
Ruben Aguilar
39%
Krépin Diatta
35%
Sofiane Diop
27%
Tiemoué Bakayoko
26%
Fodé Ballo-Touré
22%

Score Distribution

Percentile by Number Answered

Percent of People with Each Score

Your Score History

You have not taken this quiz since the last reset